000 00403nam a2200157Ia 4500
008 230917s9999||||xx |||||||||||||| ||und||
020 _cPOU0.75
040 _e3592
_aMAIN
041 _aEnglish
082 _a320.942 B876C
100 _aBullock, Alan, ed.
245 0 _aLiberal tradition from Foc to Keynes
260 _aOxford
_bOxford University Press
_c1967
300 _alv, 288 p.
942 _cBK
999 _c182936
_d182936